Click Car Model to Brand - Statistics

General Stats
  • This quiz has been taken 104 times
  • The average score is 16 of 27
Answer Stats
Hint Answer % Correct
Civic Honda
90%
Corvette Chevrolet
86%
F-Series Ford
84%
Corolla Toyota
84%
Wrangler Jeep
78%
Accord Honda
74%
Silverado Chevrolet
67%
Ranger Ford
67%
Cherokee Jeep
67%
Explorer Ford
65%
CR-V Honda
65%
Camry Toyota
64%
Escape Ford
60%
Impreza Subaru
60%
Altima Nissan
58%
RAV4 Toyota
58%
Falcon Ford
56%
Equinox Chevrolet
54%
Land Cruiser Toyota
53%
Forester Subaru
52%
Outback Subaru
52%
Hilux Toyota
48%
Rogue Nissan
43%
Compass Jeep
42%
X-Trail Nissan
42%
Patrol Nissan
33%
Crosstrek Subaru
33%
No matching quizzes found
Score Distribution
Percent of People with Each Score
Percentile by Number Answered
Your Score History
You have not taken this quiz